000 01357nam a2200241Ia 4500
999 _c51788
_d51788
003 GCL
005 20240530104924.0
008 140319s1996 ua b 000 0 ara d
017 _a1996/10640
_bمصر. دار الكتب المصرية
020 _a9770149918
040 _aGCL /
_cGCL
082 0 4 _221
_a960/
_bق/ل م
110 1 _aلجنة التاريخ والاثار بالمجلس الاعلى للثقافة
245 1 0 _aمصر وافريقيا :
_bالجذور التاريخية للمشكلات الافريقية المعاصرة : اعمال ندوة لجنة التاريخ والاثار بالمجلس الاعلى للثقافة بالاشتراك مع معهد البحوث والدراسات الافريقية بجامعة القاهرة /
_cلجنة التاريخ والاثار بالمجلس الاعلى للثقافة، معهد البحوث والدراسات الافريقية
260 _aالقاهرة :
_bالهيئة المصرية العامة للكتاب،
_c1996.
300 _a787 ص :
_bخرائط ؛
_c16 سم.
490 0 _aتاريخ المصريين ؛
_v95.
650 0 7 _2qarmk
_aالندوات
651 0 7 _2qarmk
_aمصر
_xتاريخ
651 0 7 _2qarmk
_aافريقيا
_xتاريخ
710 1 _aمعهد البحوث والدراسات الافريقية
_eمؤلف مشارك
942 _2ddc
_cBK